Собрание сочинений: в 6 т.; пер. с англ.; романы

Detalles Bibliográficos
Autor principal: Уэдсли О. Оливия
Lenguaje:ruso
Publicado: Москва, Терра-Книжный клуб, 2008
Colección:Литературное приложение "Огонёк"
Formato: Libro
KOHA link:https://koha.lib.tpu.ru/cgi-bin/koha/opac-detail.pl?biblionumber=197244

MARC

LEADER 00000nam1a2200000 4500
001 197244
005 20231031183352.0
010 |a 9785275019018 
035 |a (RuTPU)RU\TPU\book\215148 
090 |a 197244 
100 |a 20110608d2008 m y0rusy50 ca 
101 1 |a rus  |c eng 
102 |a RU 
200 1 |a Собрание сочинений  |e в 6 т.  |e пер. с англ.  |e романы 
210 |a Москва  |c Терра-Книжный клуб  |d 2008 
225 1 |a Литературное приложение "Огонёк" 
700 1 |a Уэдсли  |b О.  |g Оливия 
801 1 |a RU  |b 63413507  |c 20110608 
801 2 |a RU  |b 63413507  |c 20110610  |g RCR 
942 |c BK